00620nam a2200169 a 4500008004100000020001500041050001800056100003600074245004000110250001100150260002800161300002200189350000900211995008700220999001700307952012600324080109s1979 ||||||||||||||||| || u a0435540661 aQA 180.A1 Bev aBeveridge, William Ian B. 1908-14aThe art of scientific investigation a3rd ed aLondonbHeinemannc1979 axii, 177p. : ill. a0.00 D0.00FCBU-MAIN LIBRARY (Kitwe)H1I4.95M1UAVAILABLEZAnnex Low-Usage Collection  c34871d34871 00102lcc4070a001b001cAnnex Low-Usage Collection d2022-11-30l0oQA 180.A1 Bevp011409r2022-11-30w2022-11-30y002